<?xml version="1.0" encoding="UTF-8"?>
<marc:record xmlns:marc="http://www.loc.gov/MARC21/slim">
   <marc:leader>00000nam a2200000 a 4500</marc:leader>
   <marc:datafield ind1="1" ind2=" " tag="100">
      <marc:subfield code="a">Foster Richard</marc:subfield>
      <marc:subfield code="4">aut</marc:subfield>
      <marc:subfield code="e">Verfasser/-in</marc:subfield>
   </marc:datafield>
   <marc:datafield ind1="0" ind2="0" tag="245">
      <marc:subfield code="a">Nachfolge feiern</marc:subfield>
   </marc:datafield>
   <marc:datafield ind1="0" ind2="0" tag="245">
      <marc:subfield code="b">Geistliche Übungen neu entdeckt</marc:subfield>
   </marc:datafield>
   <marc:datafield ind1=" " ind2="1" tag="264">
      <marc:subfield code="b">SCM</marc:subfield>
      <marc:subfield code="c">1996</marc:subfield>
   </marc:datafield>
   <marc:datafield ind1="1" ind2=" " tag="520">
      <marc:subfield code="a">Auf Facebook gibt es ""Likes"", auf Instagram ""Follower"" - doch wie weit geht das Interesse wirklich? In dem christlichen Klassiker ""Nachfolge feiern"" geht es nicht um Oberflächlichkeiten, sondern um echte, ernsthafte und freudige Nachfolge. Richard Foster entdeckt verschollene biblische Tugenden wieder und haucht ihnen neues Leben ein. Er zeigt, wie Sie geistliche Disziplinen leben und feiern können - und wie sie unser Leben und unsere Beziehung zu Gott bereichern.</marc:subfield>
   </marc:datafield>
   <marc:datafield ind1="3" ind2=" " tag="024">
      <marc:subfield code="a">9783417268232</marc:subfield>
   </marc:datafield>
</marc:record>
